| 000 | 00993cam a2200253 4500 | ||
|---|---|---|---|
| 001 | ABS65215 | ||
| 008 | 020326n2002 000 0 eng u | ||
| 035 | _a(Sirsi) u117235 | ||
| 100 | _aButton, R. | ||
| 245 | _aProject partnering: the consultants' perspective | ||
| 260 | _c2002 | ||
| 490 |
_aCSM _bChartered Surveyor Monthly _vMarch 2002, 30(1) |
||
| 520 | _aExamines the pitfalls of project partnering - where all the major partners are bound by a single multi-party contract. PPC 2000 is the only standard form of contract currently available for this procurement route. The article explores this partnering arrangement which may lay the parties involved to higher than normal liabilities. | ||
| 590 | _aABS | ||
| 650 | _aLIABILITIES | ||
| 650 | _aPROJECT PARTNERING | ||
| 650 | _aPPC 2000 | ||
| 650 | _aProcurement-old | ||
| 650 | _aPROJECT INSURANCE | ||
| 650 | _aPARTNERING | ||
| 690 | _aBUILT ENVIRONMENT-BUILDING CONTRACT FORMS | ||
| 700 | _aMills, R. | ||
| 942 | _n0 | ||
| 999 |
_c69835 _d69835 |
||